| 000 | 00845nam a22001937a 4500 | ||
|---|---|---|---|
| 001 | BD-DhSAU 10322 | ||
| 003 | BD-DhSAU | ||
| 005 | 20150627104619.0 | ||
| 008 | 150530b1982 bg ||||| |||| 00| 0 eng d | ||
| 040 | _aBD-DhSAU | ||
| 082 |
_222 _a... _bসচিত্র |
||
| 245 |
_aসচিত্র গুলজারনগর / _cচিত্তরঞ্জন বন্দ্যোপাধ্যায় সম্পাদিত |
||
| 250 | _aপুস্তক বিপনি সংস্করণ। | ||
| 260 |
_aকলিকাতা : _bপুস্তক বিপনি, _c১৯৮২. |
||
| 300 |
_a১৫৫ পৃ। : _c২২ সে মি। |
||
| 590 | _aJerin | ||
| 700 | _aবন্দ্যোপাধ্যায়, চিত্তরঞ্জন বন্দ্যোপাধ্যায় | ||
| 942 |
_2ddc _cBOOK |
||
| 999 |
_c10322 _d10321 |
||